Communications Strategy in the New Era of Evangelization (Case for the Catholic Church of Nigeria) (Record n. 76085)
[ formato base ]
| 000 -LEADER | |
|---|---|
| fixed length control field | 01673nam a2200289Ia 4500 |
| 001 - CONTROL NUMBER | |
| control field | B0913 |
| 003 - CONTROL NUMBER IDENTIFIER | |
| control field | IT-RoPAU |
| 008 - FIXED-LENGTH DATA ELEMENTS--GENERAL INFORMATION | |
| fixed length control field | 130308s9999 xx 000 0 und d |
| 040 ## - CATALOGING SOURCE | |
| Original cataloging agency | IT-RoPAU |
| 040 ## - CATALOGING SOURCE | |
| Transcribing agency | IT-RoPAU |
| 041 ## - LANGUAGE CODE | |
| Language code of text/sound track or separate title | INGLESE |
| 999 ## - SYSTEM CONTROL NUMBERS (KOHA) | |
| Koha Dewey Subclass [OBSOLETE] | SI |
| 100 ## - MAIN ENTRY--PERSONAL NAME | |
| Personal name | Ntomchukwu Asuzu Boniface |
| 100 ## - MAIN ENTRY--PERSONAL NAME | |
| Miscellaneous information | Codice Aut. SPICS: 37293 |
| 245 ## - TITLE STATEMENT | |
| Title | Communications Strategy in the New Era of Evangelization (Case for the Catholic Church of Nigeria) |
| 245 ## - TITLE STATEMENT | |
| Remainder of title | Communications Strategy in The New Era Of Evangelization (Case For The Catholic Church Of Nigeria) |
| 250 ## - EDITION STATEMENT | |
| Edition statement | 1a ed. |
| 260 ## - PUBLICATION, DISTRIBUTION, ETC. (IMPRINT) | |
| Name of publisher, distributor, etc. | s.e. (senza Editrice o non identificata) |
| 260 ## - PUBLICATION, DISTRIBUTION, ETC. (IMPRINT) | |
| Date of publication, distribution, etc. | 1987 [1° Ed.:1987 - Ed.Ling.Originale:1987] |
| 300 ## - PHYSICAL DESCRIPTION | |
| Extent | "366 p. (prefazione: 22; testo: 344 [pagine: 0-0])" |
| 500 ## - GENERAL NOTE | |
| General note | Strategia di Comunicazione nella Nuova Era dell'Evanmgelizzazione: Caso della Chiesa Cattolica in Nigeria. nazione Nigeriana Emergente: ritratto Culturale, Politico e Socio Economico, Situazione delle comunicazioni in Nigeria, Trasmissioni Radio televisive e Film. Crescita con l'esplosione dell'Eradelle Comunicazioni: impatto delle Moderne tecnologie Sulle comunicazioni Umane, Uomo Audiovisivo, Chiesa e Cultura Contemporanea, Cultura e Media. Agenda della Nuova Era dell'Evangelizzazione: riguardo a una maggiore partecipazione della Comunicazione nell'Evangelizzazione, Group Media nell'Evangelizzazione, missione e Chiesa nella Prospettiva del Vaticano Ii, preparazione Appropriata al Ministero Pastorale dei futuri Preti. Bibliografia. |
| 650 ## - SUBJECT ADDED ENTRY--TOPICAL TERM | |
| Topical term or geographic name as entry element | SAGGI PASTORALE COMUNICAZIONE SOCIALE |
| 650 ## - SUBJECT ADDED ENTRY--TOPICAL TERM | |
| Relator term | Codice materia Spics: 9311 |
| 942 ## - ADDED ENTRY ELEMENTS (KOHA) | |
| Koha item type | LIBRO |
| 957 ## - | |
| -- | 1 |
| 999 ## - SYSTEM CONTROL NUMBERS (KOHA) | |
| -- | 1 |
| Withdrawn status | Lost status | Damaged status | Not for loan | Home library | Current library | Date acquired | Total Checkouts | Full call number | Date last seen | Price effective from | Koha item type | Public note |
|---|---|---|---|---|---|---|---|---|---|---|---|---|
| Buone Condizioni | Not For Loan | SPICS-MEDIATECA | SPICS-MEDIATECA | 08/03/2013 | B0913 | 08/03/2013 | 08/03/2013 | LIBRO | Progressivo inserimento: 59461 / N. Volumi: 1 Copie: 1 Copia Rara: SI / data import: 1 marzo 2013 - By Epidotti, Trombetti, Vaglietti. |